| 000 | 01014nam a22002537a 4500 | ||
|---|---|---|---|
| 001 | BR7375794 | ||
| 003 | BR-BrBNA | ||
| 005 | 20230928084441.0 | ||
| 007 | ta | ||
| 008 | 230509b bl.||||| |||| 00| 0 por d | ||
| 040 |
_aBR-BrBNA _bpor _cBiblioteca Nacional de Agricultura |
||
| 041 | _a(Por) | ||
| 072 |
_aE10; C00 _b/G514 |
||
| 090 | _ E10 BR7375794 | ||
| 110 | 1 |
_aAssociacao Nordestina de Credito e Assistencia Rural da Paraiba, Joao Pessoa (Brasil) _9691 |
|
| 245 | 1 | _aPlano de instalacao e manutencao de novas unidades operacionais de extensao rural no estado da Paraiba com os recursos oriundos do PROTERRA [Programa de Redistribuicao de Terra e de Estimulos a Agroindustria do Norte e Nordeste; Brasil] | |
| 260 | 3 |
_aJoao Pessoa, PB (Brasil): _c1972. |
|
| 300 | _a10 p. | ||
| 500 | _a(*) Documento disponível no(a) Empresa Brasileira de Assistencia Tecnica e Extensao Rural, Brasilia, DF | ||
| 650 | _aEXTENSAO RURAL | ||
| 650 | _aPARAIBA | ||
| 909 |
_a202309 _bLucia _c55 _dLucia Elande |
||
| 942 | _cBK | ||
| 999 |
_c19040 _d19040 |
||